Teoría y problemas de Mercadotecnia (Registro nro. 2911)
[ vista simple ]
| 000 -LEADER | |
|---|---|
| fixed length control field | 01121 a2200229 4500 |
| 001 - CONTROL NUMBER | |
| control field | 38641 |
| 005 - DATE AND TIME OF LATEST TRANSACTION | |
| control field | 20260407155648.0 |
| 008 - FIXED-LENGTH DATA ELEMENTS--GENERAL INFORMATION | |
| fixed length control field | 260407a1981 arg spa d |
| 003 - CONTROL NUMBER IDENTIFIER | |
| control field | AR-UNSa-BCEJYS |
| 040 ## - CATALOGING SOURCE | |
| Original cataloging agency | AR-UNSa-BCEJYS |
| Language of cataloging | spa |
| Transcribing agency | AR-UNSa-BCEJYS |
| 080 ## - UNIVERSAL DECIMAL CLASSIFICATION NUMBER | |
| Universal Decimal Classification number | 658.8 |
| Common auxiliary subdivision | Organización de mercados. Marketing. Ventas. Distribución |
| 020 ## - INTERNATIONAL STANDARD BOOK NUMBER | |
| International Standard Book Number | 968-451-351-8 |
| 100 1# - MAIN ENTRY--PERSONAL NAME | |
| Personal name | Holtje, Herbert F. |
| 245 10 - TITLE STATEMENT | |
| Title | Teoría y problemas de Mercadotecnia |
| 264 #1 - PRODUCTION, PUBLICATION, DISTRIBUTION, MANUFACTURE, AND COPYRIGHT NOTICE | |
| Place of production, publication, distribution, manufacture | México : |
| Name of producer, publisher, distributor, manufacturer | McGraw-Hill |
| Date of production, publication, distribution, manufacture, or copyright notice | 1981 |
| 300 ## - PHYSICAL DESCRIPTION | |
| Extent | 163 p. |
| Dimensions | 27 cm. |
| 505 ## - FORMATTED CONTENTS NOTE | |
| Formatted contents note | 1. Proceso de mercadotecnia - 2. Mercados - 3. Organización para concurrir al mercado - 4. Planeación del producto - 5. Estrategia de fijación de precios - 6. Sistemas de distribución - 7. Investigación de mercadotecnia - 8. Planeación y pronóstico del mercado - 9. Comportamiento del consumidor - 10. Publicidad y promoción de ventas - 11. Ambiente legal de la mercadotecnia - 12. Administración y control de mercadotecnia. |
| 590 ## - LOCAL NOTE (RLIN) | |
| Local note | niveau_biblio:m niveau_hierar:0 |
| 700 1# - ADDED ENTRY--PERSONAL NAME | |
| Personal name | Corona de Contin, Hortensia |
| 700 1# - ADDED ENTRY--PERSONAL NAME | |
| Personal name | Domíngez de Sánchez, Cora María |
| 942 ## - ADDED ENTRY ELEMENTS (KOHA) | |
| Koha item type | |
| Withdrawn status | Lost status | Damaged status | Not for loan | Home library | Current library | Shelving location | Date acquired | Total checkouts | Full call number | Barcode | Date last seen | Price effective from | Koha item type |
|---|---|---|---|---|---|---|---|---|---|---|---|---|---|
| Biblioteca Prof. Eusebio Cleto del Rey | Biblioteca Prof. Eusebio Cleto del Rey | 07/04/2026 | 658.8 H758 | L45445 | 07/04/2026 | 07/04/2026 | Libro |